Southville International School and Colleges
Your cart is empty.
  • Cart
  • Lists
    Public lists Eva Luna New books Lux_list list_1
    Your lists Log in to create your own lists
  • Log in to your account
  • Your cookies
  • Search history
Southville International School and Colleges
  • Advanced search
  • Recent comments
  • Most popular
  • Libraries

Log in to your account

Log in with GOOGLE


If you do not have an external account, but do have a local account, you can still log in:

  1. Home
  2. MARC view: Health promotion for nursing students
Normal view MARC view ISBD view

Health promotion for nursing students (Record no. 366076)

[ view plain ]
MARC details
000 -LEADER
fixed length control field 00697nam a22002057a 4500
003 - CONTROL NUMBER IDENTIFIER
control field 0
005 - DATE AND TIME OF LATEST TRANSACTION
control field 20240809150256.0
008 - FIXED-LENGTH DATA ELEMENTS--GENERAL INFORMATION
fixed length control field 240809b xxu||||| |||| 00| 0 eng d
020 ## - INTERNATIONAL STANDARD BOOK NUMBER
International Standard Book Number 978-1-5297-9388-8
050 ## - LIBRARY OF CONGRESS CALL NUMBER
Classification number RT 90.3
Item number .L56 2023
100 ## - MAIN ENTRY--PERSONAL NAME
Personal name Linsley, Paul
245 ## - TITLE STATEMENT
Title Health promotion for nursing students
Statement of responsibility, etc Paul Linsley
250 ## - EDITION STATEMENT
Edition statement Second edition
260 ## - PUBLICATION, DISTRIBUTION, ETC. (IMPRINT)
Place of publication, distribution, etc London
Name of publisher, distributor, etc Learning Matters
Date of publication, distribution, etc 2023
300 ## - PHYSICAL DESCRIPTION
Extent vi, 215 pages :
Other physical details colored iluustrations and pictures ;
Dimensions 24cm.
504 ## - BIBLIOGRAPHY, ETC. NOTE
Bibliography, etc Includes bibliographical references, index, and glossary.
650 ## - SUBJECT ADDED ENTRY--TOPICAL TERM
Topical term or geographic name as entry element Nursing students--health & hygiene.
650 ## - SUBJECT ADDED ENTRY--TOPICAL TERM
Topical term or geographic name as entry element Nursing students--health & hygiene--case studies.
942 ## - ADDED ENTRY ELEMENTS (KOHA)
Source of classification or shelving scheme Library of Congress Classification
Koha item type Books
Holdings
Withdrawn status Lost status Source of classification or shelving scheme Damaged status Home library Current library Shelving location Date acquired Source of acquisition Sub Shelving location Total Checkouts Full call number Barcode Date last seen Price effective from Koha item type
    Library of Congress Classification   College Library College Library Reserve Section 08/09/2024 Library Fund     RT 90.3 .L56 2023 C23518 08/09/2024 08/09/2024 Books

Health promotion for nursing students

APA

Linsley P., . (2023). Health promotion for nursing students. London: Learning Matters.

Chicago

Linsley Paul, . 2023. Health promotion for nursing students. London: Learning Matters.

Harvard

Linsley P., . (2023). Health promotion for nursing students. London: Learning Matters.

MLA

Linsley Paul, . Health promotion for nursing students. London: Learning Matters. 2023.

  • Place hold
  • Print
  • Cite
  • Add to your cart (remove)
  • Save record
    BIBTEX Dublin Core MARCXML MARC (non-Unicode/MARC-8) MARC (Unicode/UTF-8) MARC (Unicode/UTF-8, Standard) MODS (XML) RIS
  • More searches
    Search for this title in:
    Other Libraries (WorldCat) Other Databases (Google Scholar) Online Stores (Bookfinder.com) Open Library (openlibrary.org)

Exporting to Dublin Core...

SOUTHVILLE LIBRARY

Southville International School and Colleges Library

1281 Tropical Ave. Cor. Luxembourg St., BF Homes International, Las Pinas City

Tel. No. 8256374 / 252358 Loc. 117/146

Powered by Koha